Les classes sociales dans les societes agraires

Đã lưu trong:
Bibliografiske detaljer
Format: Bog
Sprog:Undetermined
Fag:
Tags: Tilføj Tag
Ingen Tags, Vær først til at tagge denne postø!
Thư viện lưu trữ: Trung tâm Học liệu Trường Đại học Cần Thơ
LEADER 00361nam a2200121Ia 4500
001 CTU_124692
008 210402s9999 xx 000 0 und d
082 |a 301 
082 |b C614 
245 0 |a Les classes sociales dans les societes agraires 
650 |a Sociology, Rural,Social classes 
904 |i M.Loan 
980 |a Trung tâm Học liệu Trường Đại học Cần Thơ